<?xml version="1.0" encoding="UTF-8"?>
<record
    xmlns:xsi="http://www.w3.org/2001/XMLSchema-instance"
    xsi:schemaLocation="http://www.loc.gov/MARC21/slim http://www.loc.gov/standards/marcxml/schema/MARC21slim.xsd"
    xmlns="http://www.loc.gov/MARC21/slim">

  <leader>01147nam a22002537a 4500</leader>
  <controlfield tag="003">OSt</controlfield>
  <controlfield tag="005">20220308110457.0</controlfield>
  <controlfield tag="008">220308b           ||||| |||| 00| 0 eng d</controlfield>
  <datafield tag="020" ind1=" " ind2=" ">
    <subfield code="a">9789355969894</subfield>
  </datafield>
  <datafield tag="040" ind1=" " ind2=" ">
    <subfield code="c">Aloy</subfield>
  </datafield>
  <datafield tag="041" ind1=" " ind2=" ">
    <subfield code="a">kan</subfield>
  </datafield>
  <datafield tag="082" ind1=" " ind2=" ">
    <subfield code="2">23</subfield>
    <subfield code="a">338.954K</subfield>
    <subfield code="b">SHAS</subfield>
  </datafield>
  <datafield tag="100" ind1=" " ind2=" ">
    <subfield code="a">Sharanappa: &#xCB6;&#xCB0;&#xCA3;&#xCAA;&#xCCD;&#xCAA;</subfield>
    <subfield code="9">23055</subfield>
  </datafield>
  <datafield tag="110" ind1=" " ind2=" ">
    <subfield code="a">Vijayakumar N Hebbalkar: &#xCB5;&#xCBF;&#xC9C;&#xCAF;&#xC95;&#xCC1;&#xCAE;&#xCBE;&#xCB0;&#xCCD; &#xC8E;&#xCA8;&#xCCD;  &#xCB9;&#xCC6;&#xCAC;&#xCCD;&#xCAC;&#xCBE;&#xCB3;&#xCCD;&#xC95;&#xCB0;&#xCCD; </subfield>
    <subfield code="9">23056</subfield>
  </datafield>
  <datafield tag="245" ind1=" " ind2=" ">
    <subfield code="a">Samakalina Bharatada Arthikate-2: &#xCB8;&#xCAE;&#xC95;&#xCBE;&#xCB2;&#xCC0;&#xCA8; &#xCAD;&#xCBE;&#xCB0;&#xCA4;&#xCA6; &#xC86;&#xCB0;&#xCCD;&#xCA5;&#xCBF;&#xC95;&#xCA4;&#xCC6;-2:</subfield>
    <subfield code="b">Contemporarty Indian Economy-2</subfield>
  </datafield>
  <datafield tag="260" ind1=" " ind2=" ">
    <subfield code="a">Mumbai</subfield>
    <subfield code="b">Himalaya Publishing House</subfield>
    <subfield code="c">2022</subfield>
  </datafield>
  <datafield tag="300" ind1=" " ind2=" ">
    <subfield code="a">vi,264 p.</subfield>
    <subfield code="b">PB</subfield>
    <subfield code="c">21x14 cm.</subfield>
  </datafield>
  <datafield tag="650" ind1=" " ind2=" ">
    <subfield code="a">Nagarikarana Mattu Adalita:&#xCA8;&#xC97;&#xCB0;&#xCC0;&#xC95;&#xCB0;&#xCA3;  &#xCAE;&#xCA4;&#xCCD;&#xCA4;&#xCC1; &#xC86;&#xCA1;&#xCB3;&#xCBF;&#xCA4; </subfield>
    <subfield code="9">23050</subfield>
  </datafield>
  <datafield tag="650" ind1=" " ind2=" ">
    <subfield code="a">Kaigarika Niti: &#xC95;&#xCC8;&#xC97;&#xCBE;&#xCB0;&#xCBF;&#xC95;&#xCBE; &#xCA8;&#xCC0;&#xCA4;&#xCBF; </subfield>
    <subfield code="9">23051</subfield>
  </datafield>
  <datafield tag="650" ind1=" " ind2=" ">
    <subfield code="a">Hanakasu Niti: &#xCB9;&#xCA3;&#xC95;&#xCBE;&#xCB8;&#xCC1; &#xCA8;&#xCC0;&#xCA4;&#xCBF; </subfield>
    <subfield code="9">23052</subfield>
  </datafield>
  <datafield tag="700" ind1=" " ind2=" ">
    <subfield code="a">SHARANAPPA: &#xCB6;&#xCB0;&#xCA3;&#xCAA;&#xCCD;&#xCAA; </subfield>
    <subfield code="9">23053</subfield>
  </datafield>
  <datafield tag="710" ind1=" " ind2=" ">
    <subfield code="a">HEBBALKAR: (Vijayakumar N): &#xCB9;&#xCC6;&#xCAC;&#xCCD;&#xCAC;&#xCBE;&#xCB3;&#xCCD;&#xC95;&#xCB0;&#xCCD; (&#xCB5;&#xCBF;&#xC9C;&#xCAF;&#xC95;&#xCC1;&#xCAE;&#xCBE;&#xCB0;&#xCCD; &#xC8E;&#xCA8;&#xCCD;)</subfield>
    <subfield code="9">23054</subfield>
  </datafield>
  <datafield tag="942" ind1=" " ind2=" ">
    <subfield code="2">ddc</subfield>
    <subfield code="c">BK</subfield>
  </datafield>
  <datafield tag="999" ind1=" " ind2=" ">
    <subfield code="c">221754</subfield>
    <subfield code="d">221754</subfield>
  </datafield>
  <datafield tag="952" ind1=" " ind2=" ">
    <subfield code="0">0</subfield>
    <subfield code="1">0</subfield>
    <subfield code="2">ddc</subfield>
    <subfield code="4">0</subfield>
    <subfield code="7">0</subfield>
    <subfield code="8">ECO</subfield>
    <subfield code="a">AL</subfield>
    <subfield code="b">AL</subfield>
    <subfield code="d">2022-02-26</subfield>
    <subfield code="e">Biblios Book Point, Surathkal, Mangalore-575014</subfield>
    <subfield code="g">180.00</subfield>
    <subfield code="l">0</subfield>
    <subfield code="o">338.954K SHAS</subfield>
    <subfield code="p">075556</subfield>
    <subfield code="r">2022-03-08 00:00:00</subfield>
    <subfield code="v">225.00</subfield>
    <subfield code="w">2022-03-08</subfield>
    <subfield code="y">BK</subfield>
  </datafield>
  <datafield tag="952" ind1=" " ind2=" ">
    <subfield code="0">0</subfield>
    <subfield code="1">0</subfield>
    <subfield code="2">ddc</subfield>
    <subfield code="4">0</subfield>
    <subfield code="7">0</subfield>
    <subfield code="8">ECO</subfield>
    <subfield code="a">AL</subfield>
    <subfield code="b">AL</subfield>
    <subfield code="d">2022-02-26</subfield>
    <subfield code="e">Biblios Book Point, Surathkal, Mangalore-575001</subfield>
    <subfield code="g">180.00</subfield>
    <subfield code="l">0</subfield>
    <subfield code="o">338.954K SHAS</subfield>
    <subfield code="p">075557</subfield>
    <subfield code="r">2022-03-08 00:00:00</subfield>
    <subfield code="v">225.00</subfield>
    <subfield code="w">2022-03-08</subfield>
    <subfield code="y">BK</subfield>
  </datafield>
</record>
